| 000 | 01356cam a2200301 a 4500 | ||
|---|---|---|---|
| 999 |
_c27044 _d27044 |
||
| 001 | 15861472 | ||
| 005 | 20170207110147.0 | ||
| 008 | 090810s2010 njua b 001 0 eng | ||
| 010 | _a 2009031403 | ||
| 020 | _a9781405169301 (cloth : alk. paper) | ||
| 040 |
_aDLC _cDLC _dDLC |
||
| 050 | 0 | 0 |
_aRA1242 _b .H35P47 2010 |
| 245 | 0 | 0 |
_aPersistent organic pollutants / _cedited by Stuart Harrad. |
| 260 |
_aChichester, West Sussex, United Kingdom : _bWiley, _c2010. |
||
| 300 |
_axi, 277 p. : _bill. ; _c25 cm. |
||
| 504 | _aIncludes bibliographical references and index. | ||
| 650 | 0 |
_aOrganohalogen compounds _xToxicology. |
|
| 650 | 0 |
_aOrganohalogen compounds _xEnvironmental aspects. |
|
| 650 | 0 |
_aFireproofing agents _xToxicology. |
|
| 650 | 0 |
_aFireproofing agents _xEnvironmental aspects. |
|
| 650 | 0 |
_aPersistent pollutants _xBioaccumulation. |
|
| 650 | 0 |
_aPersistent pollutants _xEnvironmental aspects. |
|
| 700 | 1 |
_aHarrad, Stuart, _d1962- |
|
| 942 |
_2lcc _cBOOKS _hRA1242 .H35P47 2010 |
||